Регионална библиотека "Любен Каравелов" - Русе

Други богове (Запис номер 348487)

MARC детайли
000 -Лидер
Контролно поле с фиксирана дължина 01053nam a2200253 a 4500
003 - Код на организацията, давaща контролен номер
Контролно поле BLK
005 - Дата и час на последна редакция
Контролно поле 20230913005138.0
008 - Елементи от данни с фиксирана дължина
fixed length control field 200210b bu ||||| |||| 00| 0 bu d
020 ## - Международен стандартен номер на книга ISBN
Международен стандартен номер на книга ISBN 9786190104834
040 ## - Източник на каталожния запис
Идентификатор на билиотеката - собственик на записа BLK
041 ## - Код за език
Код за езика на текст/звукозапис или на отделно заглавие Български
Код за езика КДБФ Български
080 ## - УДК
Текстов определител УДК Американска литература (на САЩ)
УДК код - определител по УДК 821.111(73)
УДК определител -322.9
УДК - код + определител 821.111(73)-322.9
100 ## - Редна дума - Автор
R(LIN) 308180
Автор Лъвкрафт, Хауърд Филипс
Авторска отговорност първи автор
139 ## - Редно поле
Редна дума Лъвкрафт, Хауърд Филипс
Авторски знак Лъв - Л 93
245 ## - Сведения за заглавието
Заглавие Други богове
Подзаглавни данни Неиздавани разкази и новели
Редно поле (дума) Х. Ф. Лъвкрафт ; Прев. от англ. Огняна Иванова
260 ## - Област на издателските данни
9 (RLIN) 210881
Място на издаване, разпространение и проч. София
Име на издателя, разпространителя и проч. Изток-Запад
Година на издаване 2019
Издателство - префикс ISBN 978-619-01- ; 978-619-152- ; 978-954-321- ; 954-8945-
300 ## - Физическа характеристика
Страници 288 с.
Размери/Мащаб 21 см
380 ## - Жанр
Жанр Худож. лит.
490 ## - СЕРИИ (Колекции)
9 (RLIN) 206327
Име на серия Magica
700 ## - Други автори (авторска отговорност)
Лично име Иванова, Огняна Начева
Дати, свързани с автора 1947-
9 (RLIN) 369792
852 ## - Местоположение
Фондова буква Заемна - подръчен фонд
Систематично-азбучна сигнатура П 820(73)-32/Л 93
999 ## - СИСТЕМНИ КОНТРОЛНИ НОМЕРА
Koha biblionumber 348487
Koha biblioitemnumber 348487
942 ## - АРТИКУЛИ
Източник на класификационната схема Universal Decimal Classification
Вид на библиотечния материал Книги
Скрит в OPAC Не
Периодичен библиозапис Да
Koha issues (borrowed), all copies 19
944 ## - СЪЗДАВАНЕ И РЕДАКЦИЯ на ЗАПИСА
Служител, извършил регистрацията/редакцията
Статус, дата на статуса CRON CRON
Наличности
Код за отписване Код за изгубен артикул Източник на класификационната схема Код за повреда Коз за рестрикции Код за отдаване Артикулен № Име на библиотеката - собственик Име на библиотеката, в която се намира в момента Статус (Текущо местоположение) Дата на вписване в системата Местоположение - отдел Цена в лева Систематично азбучна сигнатура Баркод Цена в евро Служебен тип на артикула Инвентарен номер
  Не е изгубен Universal Decimal Classification Не е повреден без рестрикции заемане за дома 755496 Регионална библиотека "Любен Каравелов" Русе Регионална библиотека "Любен Каравелов" Русе Заемна - подръчен фонд 2020-02-11 Заемна - подръчен фонд 11.20 П 820(73)-32/Л 93 120000842534 5.73 Книги  
  Не е изгубен Universal Decimal Classification Не е повреден без рестрикции заемане за дома 755497 Регионална библиотека "Любен Каравелов" Русе Регионална библиотека "Любен Каравелов" Русе Заемна - подръчен фонд 2020-02-11 Заемна - подръчен фонд 11.20 П 820(73)-32/Л 93 120000842533 5.73 Книги  
  Не е изгубен Universal Decimal Classification Не е повреден само за читалня ползва се в читалня 780530 Регионална библиотека "Любен Каравелов" Русе Регионална библиотека "Любен Каравелов" Русе Хранилище 2020-07-03 Хранилище 20.00 Цб 299672 120000844395 10.23 Книги 120000844395
Vip Innovations Ltd, Rousse, Bulgaria 2025